S požadovanou kvalitou a pohodlím rastie význam technológií

Nedostatok pracovnej sily, modernizácia obchodnej siete, vylepšenie ponuky sortimentu i digitálne služby. Aj toto sú výzvy, ktoré budú stáť tento rok pred obchodníkmi na Slovensku. Príklady konkrétnych potravinových reťazcov (Terno, Lidl, Kaufland) ohľadom spôsobu získavania kvalifikovanej pracovnej...

Descrizione completa

Salvato in:
Dettagli Bibliografici
Autore principale: Kapitánová, Tatiana
Natura: Capitolo di libro
Lingua:slovacco
Soggetti:
Tags: Aggiungi Tag
Nessun Tag, puoi essere il primo ad aggiungerne!!

MARC

LEADER 00000naa a2200000 4500
001 0245585
005 20200305101705.8
041 0 |a slo 
044 |a CZ 
245 1 0 |a S požadovanou kvalitou a pohodlím rastie význam technológií  |c Tatiana Kapitánová 
520 |a Nedostatok pracovnej sily, modernizácia obchodnej siete, vylepšenie ponuky sortimentu i digitálne služby. Aj toto sú výzvy, ktoré budú stáť tento rok pred obchodníkmi na Slovensku. Príklady konkrétnych potravinových reťazcov (Terno, Lidl, Kaufland) ohľadom spôsobu získavania kvalifikovanej pracovnej sily a snahe privábiť nových zákazníkov. 
610 2 0 |a spokojnosť zákazníkov 
610 2 0 |a potraviny 
610 2 0 |a podpora predaja 
610 2 0 |a technológie nové 
610 2 0 |a reťazce obchodné 
610 2 0 |a sily pracovné 
100 1 |a Kapitánová, Tatiana